书目信息 |
| 题名: |
房地产产权产籍管理
|
|
| 作者: | 谭峻 编著 | |
| 分册: | ||
| 出版信息: | 北京 中国人民大学出版社 2002 |
|
| 页数: | 251 | |
| 开本: | 21cm | |
| 丛书名: | 21世纪房地产系列教材 | |
| 单 册: | ||
| 中图分类: | F293.33 | |
| 科图分类: | ||
| 主题词: | 城市经济 , 市政经济 | |
| 电子资源: | ||
| ISBN: | 7-300-04017-9/F·1225 | |
| 000 | 00643nam0 2200217 450 | |
| 001 | 0760515518 | |
| 005 | 20070817164835.51 | |
| 010 | @a7-300-04017-9/F·1225@d¥19.00 | |
| 100 | @a20070817d km y0chiy0120 ea | |
| 101 | 0 | @achi |
| 200 | 1 | @a房地产产权产籍管理@Afang di chan chan quan chan ji guan li@f谭峻编著@Ftan jun bian zhu |
| 210 | @a北京@c中国人民大学出版社@d2002 | |
| 215 | @a251@d21cm | |
| 225 | 2 | @a21世纪房地产系列教材 |
| 410 | 0 | @12001 @a21世纪房地产系列教材 |
| 606 | 0 | @a城市经济 |
| 606 | 0 | @a市政经济 |
| 690 | @aF293.33@v3 | |
| 701 | 0 | @a谭峻@Atan jun@4编著 |
| 801 | 0 | @aCN@bPFT@c20070817 |
| 905 | @a213230@dF293.33@eg11@f1 | |
| 房地产产权产籍管理/谭峻编著.-北京:中国人民大学出版社,2002 |
| 251;21cm.-(21世纪房地产系列教材) |
| ISBN 7-300-04017-9/F·1225:¥19.00 |
| ● |
| 相关链接 |
|
|
|
|
正题名:房地产产权产籍管理
索取号:F293.33/g11
 
预约/预借
| 序号 | 登录号 | 条形码 | 馆藏地/架位号 | 状态 | 备注 |
| 1 | 6503815 | 265038158 | 密集书库-海洋学院/ [索取号:F293.33/g11] | 在馆 | |
| 2 | 6503816 | 265038167 | 密集书库-海洋学院/ [索取号:F293.33/g11] | 在馆 |